Médéric Urfroy / (Record no. 77588)

MARC details
000 -LEADER
campo de control de longitud fija 00558nam a2200181 i 4500
001 - NÚMERO DE CONTROL
campo de control 77588
003 - IDENTIFICADOR DE NÚMERO DE CONTROL
campo de control ES-MaACL
005 - FECHA Y HORA DE LA ÚLTIMA TRANSACCIÓN
campo de control 20230906173303.0
007 - CAMPO FIJO DE DESCRIPCIÓN FÍSICA--INFORMACIÓN GENERAL
campo de control de longitud fija t|
008 - DATOS DE LONGITUD FIJA--INFORMACIÓN GENERAL
campo de control de longitud fija 041022s1896 fr ||||1| fre d
100 1# - ENTRADA PRINCIPAL--NOMBRE DE PERSONA
Nombre de persona Lepage, Auguste.
9 (RLIN) 71711
245 10 - MENCIÓN DEL TÍTULO
Título Médéric Urfroy /
Mención de responsabilidad, etc. par Auguste Lepage ; illustrations de Parys.
260 ## - PUBLICACIÓN, DISTRIBUCIÓN, ETC.
Lugar de publicación, distribución, etc. Paris :
Nombre del editor, distribuidor, etc. Monde Illustré,
Fecha de publicación, distribución, etc. [1896]
300 ## - DESCRIPCIÓN FÍSICA
Extensión 8 p. :
Otras características físicas il. ;
Dimensiones 30 cm.
500 ## - NOTA GENERAL
Nota general Suplemento de "Monde Illustré", número 2060 (19 septiembre 1896)
700 1# - ENTRADA AGREGADA--NOMBRE PERSONAL
Nombre de persona Parys, A.
9 (RLIN) 170554
852 ## - LOCALIZACIÓN
Ubicación ES-MaACL
Número de control de estantería T-779-F-7
Holdings
Estatus retirado Estado de pérdida Estado de daño No para préstamo Colección Biblioteca de origen Biblioteca actual Ubicación en estantería Fecha de adquisición Fuente de adquisición Total de préstamos Signatura topográfica completa Código de barras Visto por última vez Precio de reemplazo Tipo de ítem Koha
        Colección de folletos Biblioteca del Ateneo de Madrid Biblioteca del Ateneo de Madrid Depósito folletos 17/01/2008     T-779-F-7 1081177 23/02/2023 23/02/2023 Folleto